| 000 | 00662nam a2200181 a 4500 | ||
|---|---|---|---|
| 005 | 20240911064609.0 | ||
| 008 | 991125s1994 mx 000 0 spa u | ||
| 035 | _aUPN01000000015 | ||
| 049 | _aCG | ||
| 050 | 4 |
_aLB1044.9 C6 _bE5.7 1993 |
|
| 111 | 2 |
_aEncuentro de Sistemas de Cómputo para la Administración Escolar _n(2o : _d1993 : _cMéxico) |
|
| 245 | 1 | 0 |
_a2o. Encuentro de sistemas de cómputo para la administración escolar : _bmemorias. |
| 260 |
_aMéxico : _bUNAM, Secretaría de Servicios Académicos, _c[1994]. |
||
| 300 |
_axv, 371 p. : _bgráfs., cuadros |
||
| 650 | 4 |
_aComputadoras en la educación _94976 |
|
| 650 | 2 |
_aComputadoras _97643 |
|
| 905 | _aLibro | ||
| 999 |
_c15 _d15 |
||